000 01173nam a2200301Ia 4500
001 ebr10415875
003 CaPaEBR
006 m u
007 cr cn|||||||||
008 100122s2010 nyu sb 001 0 eng d
010 _z 2010002903
020 _z9781847062086 (hardback)
040 _aCaPaEBR
_cCaPaEBR
035 _a(OCoLC)694142662
050 1 4 _aLB1028
_b.K46 2010eb
082 0 4 _a370.7/2
_222
100 1 _aKettley, Nigel C.
245 1 0 _aTheory building in educational research
_h[electronic resource] /
_cNigel Kettley.
260 _aNew York :
_bContinuum International Pub. Group,
_cc2010.
300 _a224 p.
504 _aIncludes bibliographical references and index.
533 _aElectronic reproduction.
_bPalo Alto, Calif. :
_cebrary,
_d2010.
_nAvailable via World Wide Web.
_nAccess may be limited to ebrary affiliated libraries.
650 0 _aEducation
_xResearch
_xMethodology.
650 0 _aEducation
_xResearch
_zGreat Britain.
655 7 _aElectronic books.
_2local
710 2 _aebrary, Inc.
856 4 0 _uhttp://site.ebrary.com/lib/rucke/Doc?id=10415875
_zAn electronic book accessible through the World Wide Web; click to view
999 _c86172
_d86172